| 000 | 01336nam a2200277Ia 4500 | ||
|---|---|---|---|
| 000 | 01977naaa 00421uu | ||
| 001 | https://directory.doabooks.org/handle/20.500.12854/63626 | ||
| 005 | 20260218105610.0 | ||
| 008 | 211013s9999 xx 000 0 und d | ||
| 024 | _a10.1515/9783110671773 | ||
| 042 | _adc | ||
| 245 | 0 | _aConfronting Antisemitism from the Perspectives of Christianity, Islam, and Judaism | |
| 260 |
_aBerlin/Boston _bDe Gruyter _c2020 |
||
| 300 | _a1 electronic resource (340 p.) | ||
| 520 | _aThis volume engages with antisemitic stereotypes as religious symbols that express and transmit a belief system of Jew-hatred. These religious symbols are stored in Christian, Muslim and even today's secular cultural and religious memories. This volume explores how antisemitic religious symbol systems can play a key role in the construction of group identities. | ||
| 540 | _aCreative Commons | ||
| 653 | _aTraditions of antisemitism | ||
| 700 | 1 | _aLange, Armin | |
| 700 | 1 | _aLange, Armin | |
| 700 | 1 | _aMayerhofer, Kerstin | |
| 700 | 1 | _aPorat, Dina | |
| 700 | 1 | _aSchiffman, Lawrence H. | |
| 856 |
_uhttps://docs.google.com/spreadsheets/d/1yKIrdCPDAG_9c22mwoOIO2DOhtj65Wqa/edit?usp=sharing&ouid=106555315294820607512&rtpof=true&sd=true _yList of Curated E-Books |
||
| 942 | _cE-BOOK | ||
| 999 |
_c89745 _d89742 |
||